000 00883nam a2200229 a 4500
001 BRCA_1970
005 20190320203624.0
008 220905s1988----sp-a---###---#000-0#spa-d
020 _a8471531976
050 4 _aPA2365.E8
_b.D53 1988
245 1 0 _aDiccionario ilustrado latino-español, español-latino
_cprólogo de Vicente García de Diego.
250 _a19
260 _aBarcelona
_bBiblograf : VOX
_c1988
300 _axvii, 715 p.
_bil.
_c20 cm.
_eApéndice : Resumen de gramática latina : 64 p.
500 _aCon latín eclesiástico seleccionado por el cuerpo de redactores de Palaestra Latina bajo la dirección del R. P. José María Mir
650 1 4 _aLatín
_vDiccionarios
_xEspañol
_96048
650 1 4 _aEspañol
_vDiccionarios
_xLatín
_96049
700 1 _aGarcía de Diego, Vicente
_d1878-
_96050
700 1 _aMir, José María
_96051
902 _aREF
942 _2lcc
_cB
999 _c1739
_d1739